| 000 | 00344nam a22001457a 4500 | ||
|---|---|---|---|
| 999 |
_c529205 _d529205 |
||
| 003 | NUST | ||
| 038 | _aMSOHAIL | ||
| 082 | _a0 | ||
| 100 |
_aShorash Kashmiri _917258 |
||
| 110 |
_aشورش کشمیری _921052 |
||
| 245 | _aSyed Atta Ullah Shah Bukhari | ||
| 260 |
_aLahore _bBook Home _c2012 |
||
| 300 |
_a416,p; _c22cm _fH.B |
||
| 942 |
_2ddc _cBK |
||